LEADER 01110nam 2200325Ia 450 001 996386818503316 005 20200824132249.0 035 $a(CKB)4940000000081706 035 $a(EEBO)2240949364 035 $a(OCoLC)ocm14923538e 035 $a(OCoLC)14923538 035 $a(EXLCZ)994940000000081706 100 $a19861204d1700 uy | 101 0 $aeng 135 $aurbn||||a|bb| 200 13$aAn elegiack essay upon the death of the Reverend Mr. Thomas Gouge$b[electronic resource] $ewho deceased Jan. 8 1699/1700 [i.e. 1700] /$fby J.M. philo-musus 210 $aLondon $cPrinted for John Marshall ...$d1700 215 $a8 p 300 $aIn verse. 300 $aHas been attributed to Isaac Watts. cf. DNB. 300 $aReproduction of original in the Harvard University Library. 330 $aeebo-0062 700 $aJ. M$cphilo-musus.$01013849 701 $aWatts$b Isaac$f1674-1748.$0713936 801 1$bEAF 801 2$bWaOLN 906 $aBOOK 912 $a996386818503316 996 $aAn elegiack essay upon the death of the Reverend Mr. Thomas Gouge$92359617 997 $aUNISA LEADER 02239nam 2200421 n 450 001 996390191203316 005 20221108035716.0 035 $a(CKB)4940000000102669 035 $a(EEBO)2240934901 035 $a(UnM)99843262 035 $a(EXLCZ)994940000000102669 100 $a19910705d1603 uy | 101 0 $aeng 135 $aurbn||||a|bb| 200 02$aA princes looking glasse, or A princes direction, very requisite and necessarie for a Christian prince, to view and behold himselfe in$b[electronic resource] $econtaining sundrie, wise, learned, godly, and princely precepts and instructions, excerpted and chosen out of that most Christian, and vertuous Basilikon do?ron, or his Maiesties instructions to his dearest sonne Henrie the prince, and translated into Latin and English verse (his Maiesties consent and approbation beeing first had and obtained thereunto) for the more delight and pleasure of the said prince now in his young yeares: by William Willymat 210 $a[Cambridge] $cPrinted by Iohn Legat, printer to the Vniuersitie of Cambridge. 1603. And are to be sold in Pauls Churchyard [, London,] at the signe of the Crowne by Simon Waterson$d[1603] 215 $a[7], 88, [1] p 300 $aAn adaptation of: James I. Basilikon do?ron. 300 $aLatin and English verse on facing pages. 300 $aThe words "Basilikon do?ron" are in Greek characters. 300 $aEven page numbers on recto. 300 $aReproduction of the original in the British Library. 330 $aeebo-0018 606 $aEducation of princes$vEarly works to 1800 606 $aKings and rulers$xDuties$vEarly works to 1800 615 0$aEducation of princes 615 0$aKings and rulers$xDuties 700 $aWillymat$b William$fd. 1615.$01005625 701 $aJames$cKing of England,$f1566-1625.$01001019 701 $aHenry Frederick$cPrince of Wales,$f1594-1612.$01017874 801 0$bCu-RivES 801 1$bCu-RivES 801 2$bCStRLIN 801 2$bWaOLN 906 $aBOOK 912 $a996390191203316 996 $aA princes looking glasse, or A princes direction, very requisite and necessarie for a Christian prince, to view and behold himselfe in$92390495 997 $aUNISA